| 000 | 01094nam a22003257a 4500 | ||
|---|---|---|---|
| 003 | CHAP | ||
| 005 | 20220329143134.0 | ||
| 008 | 060718d2006 mx r 00110 spa d | ||
| 010 | _a92446 | ||
| 011 | _a93418 | ||
| 035 | _a103992 | ||
| 040 | _cCHAP | ||
| 090 | _aTesis | ||
| 100 | 0 | 0 |
_aOrtega Gaucín, David. _983801 |
| 245 | 1 | 0 |
_aAnálisis de la sequía y propuestas para mitigar su impacto económico en un distrito de riego _c/por David Ortega Gaucin |
| 260 |
_aMontecillo, Méx. : _bEl autor, _c2006. |
||
| 300 | _a173 h. | ||
| 502 | _aTesis (M. C.) - - Colegio de Postgraduados. Campus Montecillo. Hidrociencias | ||
| 590 |
_aALEPH _b10 _c20130110 _lUCH01 _h1512 |
||
| 590 |
_aBATCH-UPD _b10 _c20130110 _lUCH01 _h1518 |
||
| 590 |
_aBATCH-UPD _b10 _c20130410 _lUCH01 _h0931 |
||
| 590 |
_aBATCH-UPD _b10 _c20130914 _lUCH01 _h1210 |
||
| 590 |
_aCONVERSION _b10 _c20130109 _lUCH01 _h1351 |
||
| 650 | 1 | 4 |
_aDistritos de riego _xChihuahua. _932969 |
| 650 | 1 | 4 |
_aSequías. _9104511 |
| 901 | _aBK | ||
| 905 | _aLilia | ||
| 942 | _cTESIS | ||
| 949 |
_aTesis _bBC _cTES _d00000001039921 _eTS1 _i103992 _sb |
||
| 999 |
_c92446 _d92446 |
||